[Event "DVM U20w 2023"]
[Site "Magdeburg GER"]
[Date "2023.12.27"]
[Round "1"]
[White "Fock, Amina"]
[Black "Wolterink, Jule"]
[Result "1-0"]
[Termination "normal"]
[Board "6.1"]
[WhiteElo "1865"]
[BlackElo "1474"]
[WhiteClock "01:06:17"]
[BlackClock "00:48:43"]
[WhiteTeam "SC Kreuzberg"]
[BlackTeam "SK Lehrte 1919"]
[PlyCount "31"]
[WhiteFideId "12981982"]
[BlackFideId "12981206"]
[EventCountry "GER"]
[EventRounds "7"]
[EventType "team-swiss"]
[EventDate "2023.12.26"]

1. e4 {[%clk 01:30:57]} {[%emt 00:00:03]} e6 {[%clk 01:30:52]} {[%emt
00:00:08]} 2. d4 {[%clk 01:31:22]} {[%emt 00:00:05]} d5 {[%clk 01:31:10]}
{[%emt 00:00:13]} 3. Nd2 {[%clk 01:31:44]} {[%emt 00:00:07]} dxe4 {[%clk
01:31:23]} {[%emt 00:00:16]} 4. Nxe4 {[%clk 01:32:06]} {[%emt 00:00:09]} Nd7
{[%clk 01:31:47]} {[%emt 00:00:06]} 5. Nf3 {[%clk 01:31:57]} {[%emt 00:00:38]}
Ngf6 {[%clk 01:32:05]} {[%emt 00:00:13]} 6. Nxf6+ {[%clk 01:31:59]} {[%emt
00:00:28]} Nxf6 {[%clk 01:32:28]} {[%emt 00:00:06]} 7. Bd3 {[%clk 01:32:00]}
{[%emt 00:00:29]} c5 {[%clk 01:32:14]} {[%emt 00:00:45]} 8. Be3 {[%clk
01:31:28]} {[%emt 00:01:02]} Nd5 {[%clk 01:25:20]} {[%emt 00:07:24]} 9. Ne5
{[%clk 01:15:05]} {[%emt 00:16:53]} Nxe3 {[%clk 01:14:57]} {[%emt 00:10:52]}
10. fxe3 {[%clk 01:15:21]} {[%emt 00:00:15]} Bd7 {[%clk 01:09:36]} {[%emt
00:05:51]} 11. O-O {[%clk 01:13:01]} {[%emt 00:02:50]} Qc7 {[%clk 00:56:50]}
{[%emt 00:13:16]} 12. Nxf7 {[%clk 01:11:57]} {[%emt 00:01:34]} Bc6 {[%clk
00:52:25]} {[%emt 00:04:55]} 13. Nxh8 {[%clk 01:07:33]} {[%emt 00:04:53]} Bd6
{[%clk 00:49:23]} {[%emt 00:03:33]} 14. Qh5+ {[%clk 01:06:17]} {[%emt
00:01:45]} Kd8 {[%clk 00:49:37]} {[%emt 00:00:16]} 15. Nf7+ {[%clk 01:06:28]}
{[%emt 00:00:18]} Kd7 {[%clk 00:48:43]} {[%emt 00:01:26]} 16. Nxd6 {[%clk
01:06:17]} {[%emt 00:00:41]} 1-0

[Event "DVM U20w 2023"]
[Site "Magdeburg GER"]
[Date "2023.12.27"]
[Round "1"]
[White "Stelter, Finja"]
[Black "Mazurtsova, Margarita"]
[Result "1-0"]
[Termination "normal"]
[Board "6.2"]
[WhiteElo "1310"]
[BlackElo "1682"]
[WhiteClock "00:30:44"]
[BlackClock "00:40:45"]
[WhiteTeam "SK Lehrte 1919"]
[BlackTeam "SC Kreuzberg"]
[PlyCount "49"]
[WhiteFideId "16298624"]
[BlackFideId "14188961"]
[EventCountry "GER"]
[EventRounds "7"]
[EventType "team-swiss"]
[EventDate "2023.12.26"]

1. e4 {[%clk 01:30:58]} e6 {[%clk 01:30:47]} {[%emt 00:00:13]} 2. d4 {[%clk
01:31:23]} {[%emt 00:00:06]} d5 {[%clk 01:31:10]} {[%emt 00:00:07]} 3. Nc3
{[%clk 01:31:46]} {[%emt 00:00:08]} dxe4 {[%clk 01:31:32]} {[%emt 00:00:07]} 4.
Nxe4 {[%clk 01:32:03]} {[%emt 00:00:12]} Nd7 {[%clk 01:31:51]} {[%emt
00:00:10]} 5. Bd3 {[%clk 01:32:11]} {[%emt 00:00:24]} Ngf6 {[%clk 01:31:58]}
{[%emt 00:00:23]} 6. Qe2 {[%clk 01:32:23]} {[%emt 00:00:18]} Nxe4 {[%clk
01:32:08]} {[%emt 00:00:19]} 7. Bxe4 {[%clk 01:32:44]} {[%emt 00:00:10]} c6
{[%clk 01:29:48]} {[%emt 00:02:49]} 8. Nf3 {[%clk 01:31:22]} {[%emt 00:01:53]}
Nf6 {[%clk 01:29:59]} {[%emt 00:00:19]} 9. Bd3 {[%clk 01:28:08]} {[%emt
00:03:45]} Be7 {[%clk 01:28:27]} {[%emt 00:01:59]} 10. c3 {[%clk 01:26:47]}
{[%emt 00:01:54]} O-O {[%clk 01:25:01]} {[%emt 00:03:54]} 11. Qc2 {[%clk
01:22:06]} {[%emt 00:05:12]} b6 {[%clk 01:22:53]} {[%emt 00:02:36]} 12. Bg5
{[%clk 01:13:15]} {[%emt 00:09:23]} h6 {[%clk 01:16:43]} {[%emt 00:06:40]} 13.
Be3 {[%clk 01:07:25]} {[%emt 00:06:20]} Nd5 {[%clk 01:12:39]} {[%emt 00:04:32]}
14. O-O {[%clk 00:59:33]} {[%emt 00:08:22]} Nxe3 {[%clk 01:12:34]} {[%emt
00:00:34]} 15. fxe3 {[%clk 00:59:47]} {[%emt 00:00:18]} Bb7 {[%clk 01:12:52]}
{[%emt 00:00:11]} 16. Ne5 {[%clk 00:55:44]} {[%emt 00:04:34]} c5 {[%clk
01:12:07]} {[%emt 00:01:15]} 17. Bh7+ {[%clk 00:54:24]} {[%emt 00:01:51]} Kh8
{[%clk 01:10:39]} {[%emt 00:01:58]} 18. Nxf7+ {[%clk 00:52:12]} {[%emt
00:02:43]} Rxf7 {[%clk 01:09:48]} {[%emt 00:01:20]} 19. Rxf7 {[%clk 00:52:31]}
{[%emt 00:00:12]} Ba6 {[%clk 00:49:13]} {[%emt 00:21:02]} 20. Bd3 {[%clk
00:47:35]} {[%emt 00:05:27]} c4 {[%clk 00:43:47]} {[%emt 00:05:55]} 21. Bg6
{[%clk 00:45:17]} {[%emt 00:02:50]} Bf6 {[%clk 00:43:49]} {[%emt 00:00:27]} 22.
e4 {[%clk 00:37:07]} {[%emt 00:08:40]} e5 {[%clk 00:41:24]} {[%emt 00:02:55]}
23. d5 {[%clk 00:36:02]} {[%emt 00:01:35]} Bb5 {[%clk 00:41:23]} {[%emt
00:00:28]} 24. Qe2 {[%clk 00:30:26]} {[%emt 00:06:05]} Be8 {[%clk 00:40:45]}
{[%emt 00:01:10]} 25. Rf8# {[%clk 00:30:44]} {[%emt 00:00:14]} 1-0

[Event "DVM U20w 2023"]
[Site "Magdeburg GER"]
[Date "2023.12.27"]
[Round "1"]
[White "Komar, Valerie"]
[Black "Thiele, Lea-Marie"]
[Result "1-0"]
[Termination "normal"]
[Board "6.3"]
[WhiteElo "1386"]
[BlackElo "1337"]
[WhiteClock "00:35:46"]
[BlackClock "00:42:53"]
[WhiteTeam "SC Kreuzberg"]
[BlackTeam "SK Lehrte 1919"]
[PlyCount "61"]
[WhiteFideId "34139664"]
[BlackFideId "16298616"]
[EventCountry "GER"]
[EventRounds "7"]
[EventType "team-swiss"]
[EventDate "2023.12.26"]

1. e4 {[%clk 01:30:57]} {[%emt 00:00:03]} e6 {[%clk 01:30:53]} {[%emt
00:00:07]} 2. d4 {[%clk 01:31:24]} {[%emt 00:00:02]} d5 {[%clk 01:31:19]}
{[%emt 00:00:05]} 3. e5 {[%clk 01:31:49]} {[%emt 00:00:04]} c5 {[%clk
01:31:40]} {[%emt 00:00:11]} 4. c3 {[%clk 01:32:12]} {[%emt 00:00:06]} Nc6
{[%clk 01:32:00]} {[%emt 00:00:10]} 5. Nf3 {[%clk 01:32:29]} {[%emt 00:00:12]}
Qb6 {[%clk 01:32:09]} {[%emt 00:00:23]} 6. a3 {[%clk 01:32:32]} {[%emt
00:00:28]} Nh6 {[%clk 01:31:41]} {[%emt 00:00:56]} 7. b4 {[%clk 01:30:53]}
{[%emt 00:02:09]} cxd4 {[%clk 01:30:45]} {[%emt 00:01:27]} 8. cxd4 {[%clk
01:31:05]} {[%emt 00:00:17]} Nf5 {[%clk 01:31:06]} {[%emt 00:00:09]} 9. Bb2
{[%clk 01:26:28]} {[%emt 00:05:06]} Nxb4 {[%clk 01:26:03]} {[%emt 00:05:34]}
10. axb4 {[%clk 01:20:08]} {[%emt 00:06:50]} Bxb4+ {[%clk 01:26:22]} {[%emt
00:00:12]} 11. Bc3 {[%clk 01:17:10]} {[%emt 00:03:23]} Bd7 {[%clk 01:25:26]}
{[%emt 00:01:30]} 12. Be2 {[%clk 01:14:21]} {[%emt 00:03:19]} Rc8 {[%clk
01:25:17]} {[%emt 00:00:39]} 13. Bxb4 {[%clk 01:08:02]} {[%emt 00:06:48]} Qxb4+
{[%clk 01:24:48]} {[%emt 00:01:00]} 14. Nbd2 {[%clk 01:08:04]} {[%emt
00:00:28]} Nxd4 {[%clk 01:23:10]} {[%emt 00:02:08]} 15. Nxd4 {[%clk 01:04:19]}
{[%emt 00:04:14]} Qxd4 {[%clk 01:23:34]} {[%emt 00:00:06]} 16. O-O {[%clk
00:52:56]} {[%emt 00:11:53]} a6 {[%clk 01:22:24]} {[%emt 00:01:42]} 17. Nf3
{[%clk 00:49:57]} {[%emt 00:03:28]} Qf4 {[%clk 01:20:28]} {[%emt 00:02:25]} 18.
Qb3 {[%clk 00:45:55]} {[%emt 00:04:27]} Bc6 {[%clk 01:17:59]} {[%emt 00:03:05]}
19. Rfc1 {[%clk 00:44:21]} {[%emt 00:02:01]} O-O {[%clk 01:15:38]} {[%emt
00:02:55]} 20. Rd1 {[%clk 00:37:24]} {[%emt 00:07:25]} g5 {[%clk 01:12:32]}
{[%emt 00:03:36]} 21. Rd4 {[%clk 00:35:50]} {[%emt 00:02:05]} Qxd4 {[%clk
01:09:19]} {[%emt 00:03:44]} 22. Nxd4 {[%clk 00:36:03]} {[%emt 00:00:15]} Bb5
{[%clk 01:01:01]} {[%emt 00:08:49]} 23. Bxb5 {[%clk 00:35:53]} {[%emt
00:00:39]} axb5 {[%clk 01:01:23]} {[%emt 00:00:08]} 24. Qg3 {[%clk 00:35:23]}
{[%emt 00:00:59]} Rfe8 {[%clk 00:58:01]} {[%emt 00:03:53]} 25. Qxg5+ {[%clk
00:35:22]} {[%emt 00:00:32]} Kf8 {[%clk 00:58:13]} {[%emt 00:00:17]} 26. Nxb5
{[%clk 00:35:03]} {[%emt 00:00:48]} Rc5 {[%clk 00:44:06]} {[%emt 00:14:36]} 27.
Nd6 {[%clk 00:35:17]} {[%emt 00:00:16]} Rb8 {[%clk 00:43:35]} {[%emt 00:01:01]}
28. Qf6 {[%clk 00:35:27]} {[%emt 00:00:20]} Kg8 {[%clk 00:43:28]} {[%emt
00:00:37]} 29. Nxf7 {[%clk 00:35:32]} {[%emt 00:00:25]} Kf8 {[%clk 00:42:46]}
{[%emt 00:01:14]} 30. Nh6+ {[%clk 00:35:28]} {[%emt 00:00:33]} Ke8 {[%clk
00:42:53]} {[%emt 00:00:21]} 31. Qxe6+ {[%clk 00:35:46]} {[%emt 00:00:14]} 1-0

[Event "DVM U20w 2023"]
[Site "Magdeburg GER"]
[Date "2023.12.27"]
[Round "1"]
[White "Daoud, Shahnaz"]
[Black "Ali, Maha"]
[Result "1/2-1/2"]
[Termination "normal"]
[Board "6.4"]
[WhiteElo "1346"]
[BlackElo "1411"]
[WhiteClock "00:15:44"]
[BlackClock "00:31:02"]
[WhiteTeam "SK Lehrte 1919"]
[BlackTeam "SC Kreuzberg"]
[PlyCount "53"]
[WhiteFideId "16297750"]
[BlackFideId "34626581"]
[EventCountry "GER"]
[EventRounds "7"]
[EventType "team-swiss"]
[EventDate "2023.12.26"]

1. d4 {[%clk 01:30:57]} {[%emt 00:00:02]} d5 {[%clk 01:30:52]} {[%emt
00:00:08]} 2. c4 {[%clk 01:31:24]} {[%emt 00:00:04]} e6 {[%clk 01:31:13]}
{[%emt 00:00:09]} 3. Nc3 {[%clk 01:31:49]} {[%emt 00:00:05]} Nf6 {[%clk
01:31:31]} {[%emt 00:00:12]} 4. Bg5 {[%clk 01:32:11]} {[%emt 00:00:08]} Be7
{[%clk 01:31:41]} {[%emt 00:00:20]} 5. e3 {[%clk 01:32:29]} {[%emt 00:00:12]}
Nbd7 {[%clk 01:31:28]} {[%emt 00:00:42]} 6. Nf3 {[%clk 01:32:40]} {[%emt
00:00:19]} O-O {[%clk 01:31:02]} {[%emt 00:00:56]} 7. Bd3 {[%clk 01:32:34]}
{[%emt 00:00:37]} h6 {[%clk 01:30:52]} {[%emt 00:00:39]} 8. Bh4 {[%clk
01:32:42]} {[%emt 00:00:23]} c5 {[%emt 00:02:59]} 9. cxd5 {[%clk 01:32:16]}
{[%emt 00:00:53]} Nxd5 {[%clk 01:27:39]} {[%emt 00:01:16]} 10. Bxe7 {[%clk
01:28:10]} {[%emt 00:04:37]} Nxe7 {[%clk 01:26:01]} {[%emt 00:02:07]} 11. O-O
{[%clk 01:25:54]} {[%emt 00:02:46]} cxd4 {[%clk 01:23:23]} {[%emt 00:03:09]}
12. Nxd4 {[%clk 01:24:17]} {[%emt 00:02:06]} Nf6 {[%clk 01:21:29]} {[%emt
00:02:23]} 13. Rc1 {[%clk 01:15:19]} {[%emt 00:09:29]} b6 {[%clk 01:14:46]}
{[%emt 00:07:13]} 14. Qc2 {[%clk 01:06:36]} {[%emt 00:09:11]} Bb7 {[%clk
01:12:19]} {[%emt 00:02:57]} 15. Rfd1 {[%clk 01:04:36]} {[%emt 00:02:31]} Ned5
{[%clk 01:09:23]} {[%emt 00:03:26]} 16. Nde2 {[%clk 00:47:05]} {[%emt
00:17:57]} Nb4 {[%clk 01:02:49]} {[%emt 00:07:08]} 17. Qb1 {[%clk 00:44:34]}
{[%emt 00:03:01]} Nxd3 {[%clk 00:54:52]} {[%emt 00:08:27]} 18. Rxd3 {[%clk
00:40:24]} {[%emt 00:04:40]} Qe7 {[%clk 00:50:30]} {[%emt 00:04:53]} 19. Rd2
{[%clk 00:31:37]} {[%emt 00:09:16]} Rfd8 {[%clk 00:46:46]} {[%emt 00:04:14]}
20. Rcd1 {[%clk 00:28:50]} {[%emt 00:03:18]} Rxd2 {[%clk 00:42:48]} {[%emt
00:04:28]} 21. Rxd2 {[%clk 00:28:30]} {[%emt 00:00:49]} Rd8 {[%clk 00:39:44]}
{[%emt 00:03:34]} 22. Rxd8+ {[%clk 00:23:36]} {[%emt 00:05:24]} Qxd8 {[%clk
00:40:01]} {[%emt 00:00:12]} 23. Nd4 {[%clk 00:22:31]} {[%emt 00:01:35]} Nd5
{[%clk 00:36:55]} {[%emt 00:03:37]} 24. Nxd5 {[%clk 00:20:23]} {[%emt
00:02:39]} Qxd5 {[%clk 00:35:02]} {[%emt 00:02:22]} 25. Nf3 {[%clk 00:17:52]}
{[%emt 00:03:02]} Qh5 {[%clk 00:32:38]} {[%emt 00:02:53]} 26. Qd1 {[%clk
00:16:09]} {[%emt 00:02:13]} Qd5 {[%clk 00:31:02]} {[%emt 00:02:06]} 27. Qxd5
{[%clk 00:15:44]} {[%emt 00:00:56]} 1/2-1/2

[Event "DVM U20w 2023"]
[Site "Magdeburg GER"]
[Date "2023.12.27"]
[Round "1"]
[White "Kohl, Natalie"]
[Black "Hafermann, Lara"]
[Result "0-1"]
[Termination "normal"]
[Board "7.1"]
[WhiteElo "1504"]
[BlackElo "1575"]
[WhiteClock "00:01:50"]
[BlackClock "00:17:42"]
[WhiteTeam "Meuselwitzer SV"]
[BlackTeam "SC Borussia Lichtenberg"]
[PlyCount "50"]
[WhiteFideId "12967408"]
[BlackFideId "16298306"]
[EventCountry "GER"]
[EventRounds "7"]
[EventType "team-swiss"]
[EventDate "2023.12.26"]

1. e4 {[%clk 01:30:34]} {[%emt 00:00:26]} d5 {[%clk 01:30:51]} {[%emt
00:00:09]} 2. exd5 {[%clk 01:30:36]} {[%emt 00:00:29]} Qxd5 {[%clk 01:31:08]}
{[%emt 00:00:13]} 3. Nc3 {[%clk 01:30:30]} {[%emt 00:00:34]} Qd6 {[%clk
01:31:27]} {[%emt 00:00:12]} 4. Nf3 {[%clk 01:28:41]} {[%emt 00:02:19]} Nf6
{[%clk 01:31:48]} {[%emt 00:00:10]} 5. Be2 {[%clk 01:28:28]} {[%emt 00:00:42]}
Bg4 {[%clk 01:25:53]} {[%emt 00:06:26]} 6. O-O {[%clk 01:25:42]} {[%emt
00:03:16]} e6 {[%clk 01:16:29]} {[%emt 00:09:54]} 7. Re1 {[%clk 01:18:11]}
{[%emt 00:08:01]} Nbd7 {[%clk 01:11:02]} {[%emt 00:05:57]} 8. Nb5 {[%clk
01:02:25]} {[%emt 00:16:16]} Qb6 {[%clk 01:09:09]} {[%emt 00:02:23]} 9. a4
{[%clk 00:49:39]} {[%emt 00:13:18]} c6 {[%clk 01:09:04]} {[%emt 00:00:33]} 10.
a5 {[%clk 00:42:52]} {[%emt 00:07:17]} Qd8 {[%clk 01:08:51]} {[%emt 00:00:45]}
11. Nc3 {[%clk 00:26:09]} {[%emt 00:17:12]} Bd6 {[%clk 01:04:28]} {[%emt
00:04:53]} 12. Ng5 {[%clk 00:22:04]} {[%emt 00:04:36]} Bxe2 {[%clk 01:02:22]}
{[%emt 00:02:36]} 13. Qxe2 {[%clk 00:22:21]} {[%emt 00:00:11]} h6 {[%clk
00:50:36]} {[%emt 00:12:18]} 14. Nxf7 {[%clk 00:18:20]} {[%emt 00:04:32]} Bxh2+
{[%clk 00:43:38]} {[%emt 00:07:29]} 15. Kxh2 {[%clk 00:11:32]} {[%emt
00:07:17]} Qc7+ {[%clk 00:37:51]} {[%emt 00:06:15]} 16. Ne5 {[%clk 00:11:33]}
{[%emt 00:00:30]} Nxe5 {[%clk 00:37:27]} {[%emt 00:00:54]} 17. f4 {[%clk
00:09:35]} {[%emt 00:02:28]} Neg4+ {[%clk 00:36:23]} {[%emt 00:01:35]} 18. Kh3
{[%clk 00:09:16]} {[%emt 00:00:49]} Qxf4 {[%clk 00:34:26]} {[%emt 00:02:27]}
19. Qxe6+ {[%clk 00:03:51]} {[%emt 00:05:54]} Kf8 {[%clk 00:30:51]} {[%emt
00:04:07]} 20. Qe7+ {[%clk 00:02:07]} {[%emt 00:02:13]} Kg8 {[%clk 00:31:10]}
{[%emt 00:00:11]} 21. g3 {[%clk 00:02:08]} {[%emt 00:00:29]} Qf2 {[%clk
00:29:44]} {[%emt 00:01:56]} 22. Qe6+ {[%clk 00:01:04]} {[%emt 00:01:33]} Kh7
{[%clk 00:29:52]} {[%emt 00:00:22]} 23. Qe2 {[%clk 00:01:25]} {[%emt 00:00:07]}
Rhe8 {[%clk 00:25:27]} {[%emt 00:04:59]} 24. Qd3+ {[%clk 00:01:43]} {[%emt
00:00:12]} g6 {[%clk 00:19:07]} {[%emt 00:06:50]} 25. Rh1 {[%clk 00:01:50]}
{[%emt 00:00:22]} Re5 {[%clk 00:17:42]} {[%emt 00:01:55]} 0-1

[Event "DVM U20w 2023"]
[Site "Magdeburg GER"]
[Date "2023.12.27"]
[Round "1"]
[White "Hopp, Celina"]
[Black "Mai, Mariella"]
[Result "1/2-1/2"]
[Termination "normal"]
[Board "7.2"]
[WhiteElo "1583"]
[BlackElo "1667"]
[WhiteClock "00:01:29"]
[BlackClock "00:03:43"]
[WhiteTeam "SC Borussia Lichtenberg"]
[BlackTeam "Meuselwitzer SV"]
[PlyCount "111"]
[WhiteFideId "16235240"]
[BlackFideId "16281780"]
[EventCountry "GER"]
[EventRounds "7"]
[EventType "team-swiss"]
[EventDate "2023.12.26"]

1. e4 {[%clk 01:30:49]} {[%emt 00:00:10]} e6 {[%clk 01:30:48]} {[%emt
00:00:12]} 2. d4 {[%clk 01:31:05]} {[%emt 00:00:15]} d5 {[%clk 01:31:01]}
{[%emt 00:00:17]} 3. exd5 {[%clk 01:31:03]} {[%emt 00:00:32]} exd5 {[%clk
01:31:20]} {[%emt 00:00:11]} 4. Nf3 {[%clk 01:30:52]} {[%emt 00:00:42]} Nf6
{[%clk 01:28:36]} {[%emt 00:03:14]} 5. Bd3 {[%clk 01:28:30]} {[%emt 00:02:52]}
Bd6 {[%clk 01:23:11]} {[%emt 00:05:55]} 6. Qe2+ {[%clk 01:21:07]} {[%emt
00:07:52]} Be7 {[%clk 01:13:13]} {[%emt 00:10:27]} 7. O-O {[%clk 01:14:55]}
{[%emt 00:06:43]} O-O {[%clk 01:07:39]} {[%emt 00:06:04]} 8. c3 {[%clk
01:06:52]} {[%emt 00:08:33]} Bg4 {[%clk 00:59:57]} {[%emt 00:08:12]} 9. Bg5
{[%clk 00:53:34]} {[%emt 00:13:48]} Nbd7 {[%clk 00:49:40]} {[%emt 00:10:48]}
10. Nbd2 {[%clk 00:49:46]} {[%emt 00:04:18]} c6 {[%clk 00:42:30]} {[%emt
00:07:40]} 11. Rae1 {[%clk 00:44:22]} {[%emt 00:05:53]} Bd6 {[%clk 00:34:03]}
{[%emt 00:08:58]} 12. Qd1 {[%clk 00:38:28]} {[%emt 00:06:24]} Qc7 {[%clk
00:31:44]} {[%emt 00:02:49]} 13. Qc2 {[%clk 00:36:56]} {[%emt 00:02:03]} Rae8
{[%clk 00:29:27]} {[%emt 00:02:46]} 14. h3 {[%clk 00:33:10]} {[%emt 00:04:16]}
Bh5 {[%clk 00:29:41]} {[%emt 00:00:16]} 15. Nh4 {[%clk 00:26:08]} {[%emt
00:07:33]} Bf4 {[%clk 00:21:53]} {[%emt 00:08:18]} 16. Bxf4 {[%clk 00:23:46]}
{[%emt 00:02:52]} Qxf4 {[%clk 00:22:11]} {[%emt 00:00:12]} 17. Nf5 {[%clk
00:19:19]} {[%emt 00:04:56]} Bg6 {[%clk 00:19:26]} {[%emt 00:03:16]} 18. Ne7+
{[%clk 00:15:31]} {[%emt 00:04:19]} Kh8 {[%clk 00:19:17]} {[%emt 00:00:39]} 19.
Nxg6+ {[%clk 00:15:52]} {[%emt 00:00:08]} fxg6 {[%clk 00:19:21]} {[%emt
00:00:27]} 20. Nf3 {[%clk 00:13:16]} {[%emt 00:03:05]} Kg8 {[%clk 00:11:06]}
{[%emt 00:08:45]} 21. Re2 {[%clk 00:09:47]} {[%emt 00:03:59]} Rxe2 {[%clk
00:08:33]} {[%emt 00:03:04]} 22. Qxe2 {[%clk 00:07:57]} {[%emt 00:02:20]} Re8
{[%clk 00:08:32]} {[%emt 00:00:31]} 23. Qd1 {[%clk 00:08:01]} {[%emt 00:00:26]}
Ne4 {[%clk 00:07:56]} {[%emt 00:01:05]} 24. Re1 {[%clk 00:07:31]} {[%emt
00:01:01]} Ndf6 {[%clk 00:07:05]} {[%emt 00:01:22]} 25. Re2 {[%clk 00:06:07]}
{[%emt 00:01:54]} Nd7 {[%clk 00:05:10]} {[%emt 00:02:25]} 26. Qe1 {[%clk
00:05:10]} {[%emt 00:01:26]} Ndf6 {[%clk 00:05:18]} {[%emt 00:00:22]} 27. Bc2
{[%clk 00:04:29]} {[%emt 00:01:12]} Kh8 {[%clk 00:03:53]} {[%emt 00:01:56]} 28.
Nd2 {[%clk 00:03:48]} {[%emt 00:01:09]} Nd6 {[%clk 00:02:47]} {[%emt 00:01:35]}
29. Rxe8+ {[%clk 00:04:02]} {[%emt 00:00:17]} Nfxe8 {[%clk 00:03:01]} {[%emt
00:00:16]} 30. Bd3 {[%clk 00:03:03]} {[%emt 00:01:29]} g5 {[%clk 00:01:41]}
{[%emt 00:01:50]} 31. Qe7 {[%clk 00:01:58]} {[%emt 00:01:35]} Qf6 {[%clk
00:02:01]} {[%emt 00:00:10]} 32. Qe3 {[%clk 00:02:10]} {[%emt 00:00:18]} Qf4
{[%clk 00:02:00]} {[%emt 00:00:32]} 33. Qe2 {[%clk 00:01:45]} {[%emt 00:00:55]}
Kg8 {[%clk 00:01:01]} {[%emt 00:01:28]} 34. Qe6+ {[%clk 00:01:23]} {[%emt
00:00:51]} Qf7 {[%clk 00:01:21]} {[%emt 00:00:11]} 35. Qe2 {[%clk 00:00:45]}
{[%emt 00:01:09]} Qf4 {[%clk 00:01:24]} {[%emt 00:00:28]} 36. Nf3 {[%clk
00:00:56]} {[%emt 00:00:19]} Qc1+ {[%clk 00:01:08]} {[%emt 00:00:45]} 37. Kh2
{[%clk 00:00:49]} {[%emt 00:00:38]} Qf4+ {[%clk 00:01:32]} {[%emt 00:00:06]}
38. g3 {[%clk 00:00:55]} {[%emt 00:00:24]} Qf6 {[%clk 00:01:54]} {[%emt
00:00:08]} 39. Kg2 {[%clk 00:00:56]} {[%emt 00:00:29]} h6 {[%clk 00:01:04]}
{[%emt 00:01:20]} 40. Ne5 {[%clk 00:01:05]} {[%emt 00:00:21]} Qe7 {[%clk
00:00:46]} {[%emt 00:00:47]} 41. Qh5 {[%clk 00:00:48]} {[%emt 00:00:48]} Nf6
{[%clk 00:30:17]} {[%emt 00:00:59]} 42. Qf3 {[%clk 00:29:23]} {[%emt 00:01:55]}
Nd7 {[%clk 00:26:26]} {[%emt 00:04:20]} 43. Nxd7 {[%clk 00:22:52]} {[%emt
00:07:01]} Qxd7 {[%clk 00:26:46]} {[%emt 00:00:10]} 44. Qe2 {[%clk 00:23:02]}
{[%emt 00:00:21]} Qe8 {[%clk 00:24:21]} {[%emt 00:02:55]} 45. Qd2 {[%clk
00:17:15]} {[%emt 00:06:16]} Ne4 {[%clk 00:21:35]} {[%emt 00:03:16]} 46. Qc2
{[%clk 00:16:18]} {[%emt 00:01:28]} Nf6 {[%clk 00:21:30]} {[%emt 00:00:34]} 47.
Qb3 {[%clk 00:13:50]} {[%emt 00:02:59]} Qe7 {[%clk 00:17:35]} {[%emt 00:04:24]}
48. Qa4 {[%clk 00:12:35]} {[%emt 00:01:46]} a6 {[%clk 00:14:31]} {[%emt
00:03:34]} 49. Qb3 {[%clk 00:11:48]} {[%emt 00:01:17]} Ne4 {[%clk 00:13:11]}
{[%emt 00:01:49]} 50. Qc2 {[%clk 00:09:37]} {[%emt 00:02:42]} Nd6 {[%clk
00:11:37]} {[%emt 00:02:03]} 51. Qd1 {[%clk 00:04:42]} {[%emt 00:05:25]} Qf6
{[%clk 00:08:00]} {[%emt 00:04:07]} 52. Qe2 {[%clk 00:03:09]} {[%emt 00:02:04]}
Qf7 {[%clk 00:07:06]} {[%emt 00:01:22]} 53. Qf3 {[%clk 00:02:25]} {[%emt
00:01:15]} Qf6 {[%clk 00:07:02]} {[%emt 00:00:33]} 54. Qh5 {[%clk 00:02:01]}
{[%emt 00:00:53]} Qe6 {[%clk 00:04:22]} {[%emt 00:03:10]} 55. Qd1 {[%clk
00:01:21]} {[%emt 00:01:10]} Qe8 {[%clk 00:03:43]} {[%emt 00:01:08]} 56. Qd2
{[%clk 00:01:29]} {[%emt 00:00:24]} 1/2-1/2